000 00507nam a22001817a 4500
003 Ost
005 20151111162628.0
008 131001t xxu||||| |||| 00| 0 eng d
020 _a0316342939
050 _aPZ 7
_b.H1918 1987
082 _aPZ 7
_bH236 1987
100 _aHandford, Martin.
_922278
245 _aWhere is Waldo? :
_b the great picture hunt!. /
_cHandford, Martin.
260 _aVicenza, Italy :
_bL.E.G.O,
_cc1987.
300 _bcol. ill. ;
_c31 cm.
942 _2lcc
_cBK
999 _c12445
_d12445